Convergencia arriba, divergencia abajo (Registro nro. 22981)
[ vista simple ]
| 000 -LEADER | |
|---|---|
| fixed length control field | 00358 a2200121 4500 |
| 001 - CONTROL NUMBER | |
| control field | ART_5840 |
| 005 - DATE AND TIME OF LATEST TRANSACTION | |
| control field | 20260410161828.0 |
| 008 - FIXED-LENGTH DATA ELEMENTS--GENERAL INFORMATION | |
| fixed length control field | 260409a |
| 100 1# - MAIN ENTRY--PERSONAL NAME | |
| Personal name | Heymann, Daniel |
| 245 10 - TITLE STATEMENT | |
| Title | Convergencia arriba, divergencia abajo |
| 700 1# - ADDED ENTRY--PERSONAL NAME | |
| Personal name | Ramos, Adrián |
| 773 0# - HOST ITEM ENTRY | |
| Title | Estudios Económicos |
| Related parts | - Vol. 23, Nº 47 (jul./dic. 2006) |
| Record control number | REV5080 |
No hay ítems disponibles.